Rights to buy reform in Scotland gathers pace (Record no. 117395)
[ view plain ]
| 000 -LEADER | |
|---|---|
| fixed length control field | 01129cam a2200253 4500 |
| 001 - CONTROL NUMBER | |
| control field | WB4020-13 |
| 008 - FIXED-LENGTH DATA ELEMENTS--GENERAL INFORMATION | |
| fixed length control field | 040525n2004 000 0 eng u |
| 035 ## - SYSTEM CONTROL NUMBER | |
| System control number | (Sirsi) u126285 |
| 245 ## - TITLE STATEMENT | |
| Title | Rights to buy reform in Scotland gathers pace |
| 260 ## - PUBLICATION, DISTRIBUTION, ETC. | |
| Date of publication, distribution, etc. | 2004 |
| 490 ## - SERIES STATEMENT | |
| Series statement | Scottish Executive News Release |
| Volume/sequential designation | (Seen867/2004) 21 May 2004 (3) |
| 520 ## - SUMMARY, ETC. | |
| Summary, etc. | Rural and crofting communities in Scotland moved one step closer to being able to purchase land following the laying of nine sets of regulations in the Scottish Parliament for the two rights to buy in Parts Two and Three of the Land Reform (Scotland) Act 2003. The Land Reform (Scotland) Act 2003 is available at http://www.scotland-legislation.hmso.gov.uk/legisl ation/scotland/acts2003/20030002.htm. http://www.scotland.gov.uk/pages/news/2004/05/SEen 867.aspx |
| 590 ## - LOCAL NOTE (RLIN) | |
| Local note | WB |
| 590 ## - LOCAL NOTE (RLIN) | |
| Local note | WB |
| 650 ## - SUBJECT ADDED ENTRY--TOPICAL TERM | |
| Topical term or geographic name entry element | LAND PURCHASE |
| 650 ## - SUBJECT ADDED ENTRY--TOPICAL TERM | |
| Topical term or geographic name entry element | RURAL COMMUNITIES |
| 650 ## - SUBJECT ADDED ENTRY--TOPICAL TERM | |
| Topical term or geographic name entry element | CROFTING |
| 650 ## - SUBJECT ADDED ENTRY--TOPICAL TERM | |
| Topical term or geographic name entry element | COMMUNITY RIGHT TO BUY |
| 650 ## - SUBJECT ADDED ENTRY--TOPICAL TERM | |
| Topical term or geographic name entry element | LAND REFORM |
| 650 ## - SUBJECT ADDED ENTRY--TOPICAL TERM | |
| Topical term or geographic name entry element | LAND REFORM (SCOTLAND) ACT 2003 |
| 650 ## - SUBJECT ADDED ENTRY--TOPICAL TERM | |
| Topical term or geographic name entry element | SCOTLAND |
| 690 ## - LOCAL SUBJECT ADDED ENTRY--TOPICAL TERM (OCLC, RLIN) | |
| Topical term or geographic name as entry element | PROPERTY AND LAND LAW |
| 942 ## - ADDED ENTRY ELEMENTS (KOHA) | |
| Suppress in OPAC | 0 |
| Withdrawn status | Lost status | Source of classification or shelving scheme | Damaged status | Not for loan | Home library | Current library | Shelving location | Date acquired | Total Checkouts | Full call number | Barcode | Date last seen | Copy number | Price effective from | Koha item type |
|---|---|---|---|---|---|---|---|---|---|---|---|---|---|---|---|
| Dewey Decimal Classification | London | London | News article | 25/05/2004 | WB4020-13 | 126285-1001 | 06/08/2019 | 1 | 06/08/2019 | News article |